LIBRARY & INFORMATION CENTRE, KCAET, TAVANUR

ONLINE PUBLIC ACCESS CATALOGUE (OPAC)

Normal view MARC view
  • Er. Shivaji K.P (Guide)

Entry Personal Name

Number of records used in: 1

001 - CONTROL NUMBER

  • control field: 2142

003 - CONTROL NUMBER IDENTIFIER

  • control field: OSt

005 - DATE AND TIME OF LATEST TRANSACTION

  • control field: 20171116164849.0

008 - FIXED-LENGTH DATA ELEMENTS

  • fixed length control field: 171116|| aca||aabn | a|a d

040 ## - CATALOGING SOURCE

  • Original cataloging agency: OSt
  • Transcribing agency: OSt

100 ## - HEADING--PERSONAL NAME

  • Personal name: Er. Shivaji K.P (Guide)

670 ## - SOURCE DATA FOUND

  • Source citation: Work cat.: (OSt)14873: SUPRITHA 2127, INVESTIGATIONS ON CLAMPING AND CLIMBING MECHANISMS FOR THE DESIGN OF SEMI AUTONOMOUS ARECA PALM CLIMBER
free website counter